000 00673cab a2200217 4500
001 WB3247-05
008 090401t1996 xxu||||| |||| 00| 0 eng d
035 _a(Sirsi) u69306
041 _aeng
245 _aRonson makes comeback
260 _c1996
350 _a0
490 _aIndependent
_v12 December 1996, 22
490 _aGuardian
_v12 December 1996, 24(2)
520 _aGerald Ronson has announced a £100m property programme by his company Heron International - the first step in rebuilding his property empire.
650 _aHERON INTERNATIONAL
650 _aRONSON GERALD
690 _aPROPERTY-COMMERCIAL PROPERTY
942 _n0
948 _c04/03/1997
999 _c43527
_d43527